000 00699nam a22002297a 4500
003 UA-OsUOA
001 49558
007 ta
008 20071010b un ||||| |||| 00| 0 ukr d
100 _aІзовіт В.
700 _aГаленко І.
090 _a330(477)
_bІ-12
942 _cSA
040 _aUA-OsUOA
_bukr
_cUA-OsUOA
_dUA-OsUOA
245 _aДуже своєчасна ініціатива: треба страхувати ризики інтелектуальної власності
300 _aС.4-5
955 _a0
041 _aukr
080 _a330(477)
773 0 _w49557
_tУкраїна- business
_dК.
_d2007
_g30
650 7 _a330 Економіка взагалі
_2UDC
999 _c335659
_d335659